000 00655nam a2200205Ia 4500
005 20241129110206.0
008 241129s9999||||xx |||||||||||||| ||und||
037 _aTB
040 _aARTS
_bhin
_cARTS
041 _ahin
_2hin
084 _aO152,3M90,MA N8
_qARTS
100 _aगुरूदत्त, ले.
245 0 _aमाया जाल
_cगुरूदत्त, ले.
260 _aनई दिल्ली, भारत
_bहिन्दी साहित्य सदन
_c1996
300 _a251पृ0
365 _aINR
_b85
650 _aHindi Fiction
942 _cTB
_hO152,3M90,MA N8
999 _c1227666
_d1227666